[Event "Daehne Cup Region 14/15 V Rest"]
[Site "Bissendorf"]
[Date "2015.07.10"]
[Round "5"]
[White "Burger, Jarl"]
[Black "Zweigait, Leon"]
[Result "0-1"]
[WhiteElo "1046"]
[BlackElo "1160"]
[PlyCount "68"]
[EventDate "2015.06.??"]
[EventType "swiss"]
[EventRounds "5"]
[EventCountry "GER"]
[SourceTitle "EXT 2022"]
[Source "ChessBase"]
[SourceDate "2021.10.06"]
[SourceVersion "1"]
[SourceVersionDate "2021.10.06"]
[SourceQuality "1"]

1. e4 e5 2. Nf3 Nc6 3. Bc4 f5 4. exf5 d5 5. Bb5 Bxf5 6. 0-0 e4 7. Nd4 Qf6 8. Nxf5 Qxf5 9. Bxc6+ bxc6 10. d3 Nf6 11. Nc3 0-0-0 12. Be3 d4 13. dxe4 dxe3 14. exf5 exf2+ 15. Kh1 Rxd1 16. Raxd1 Ng4 17. Rd4 h5 18. h3 Bc5 19. Re4 Bb6 20. Re7 Rh7 21. Ne4 Kd8 22. Rf7 Rh8 23. Rd1+ Kc8 24. Ng5 Ne3 25. Rc1 f1Q+ 26. Rxf1 Nxf1 27. Rxg7 Re8 28. f6 h4 29. f7 Ng3+ 30. Kh2 Nf1+ 31. Kh1 Re1 32. f8Q+ Kb7 33. Qxf1 Rxf1+ 34. Kh2 Bg1+ 0-1

[Event "Daehne Cup Region 14/15 V"]
[Site "Bissendorf"]
[Date "2015.04.24"]
[Round "2"]
[White "Burger, Jarl"]
[Black "Cuno, Hans Joachim"]
[Result "0-1"]
[WhiteElo "1046"]
[BlackElo "1659"]
[PlyCount "63"]
[EventDate "2015.04.17"]
[EventType "k.o."]
[EventRounds "5"]
[EventCountry "GER"]
[SourceTitle "EXT 2022"]
[Source "ChessBase"]
[SourceDate "2021.10.06"]
[SourceVersion "1"]
[SourceVersionDate "2021.10.06"]
[SourceQuality "1"]

1. e4 e6 2. d4 d5 3. e5 c5 4. Nf3 cxd4 5. Nxd4 Nc6 6. Bb5 Bd7 7. Nxc6 Bxc6 8. Bxc6+ bxc6 9. Be3 Qc7 10. f4 Ne7 11. Nc3 Nf5 12. Qd3 Rb8 13. b3 Nxe3 14. Qxe3 c5 15. Ne2 d4 16. Qg3 Qa5+ 17. c3 Rd8 18. 0-0 d3 19. Nc1 Qxc3 20. Rb1 Qc2 21. Nxd3 Qxd3 22. Qxd3 Rxd3 23. Rbe1 Be7 24. f5 exf5 25. Rxf5 0-0 26. Rf4 Rd4 27. Rf3 Rfd8 28. Ref1 f6 29. exf6 Bxf6 30. Rf5 Rd2 31. a4 Rb2 32. Rxc5 0-1

[Event "Hannover-ch U14"]
[Site "Lehrte"]
[Date "2014.10.28"]
[Round "7"]
[White "Burger, Jarl"]
[Black "Albrecht, Dennis"]
[Result "1-0"]
[WhiteElo "794"]
[BlackElo "870"]
[PlyCount "105"]
[EventDate "2014.10.25"]
[EventType "swiss"]
[EventRounds "7"]
[EventCountry "GER"]
[SourceTitle "EXT 2021"]
[Source "ChessBase"]
[SourceDate "2020.10.23"]
[SourceVersion "1"]
[SourceVersionDate "2020.10.23"]
[SourceQuality "1"]

1. e4 e5 2. Nf3 Nc6 3. Bc4 Bc5 4. Nc3 d6 5. d3 Bg4 6. h3 Bh5 7. g4 Bg6 8. Be3 Nd4 9. Na4 b5 10. Bxd4 exd4 11. Bxb5+ Kf8 12. Nxc5 dxc5 13. Bc4 Nf6 14. Ne5 Qe7 15. Nxg6+ hxg6 16. Qf3 g5 17. 0-0-0 c6 18. Rde1 Qb7 19. e5 Nd5 20. Bxd5 cxd5 21. e6 Kg8 22. exf7+ Qxf7 23. Qxf7+ Kxf7 24. Re5 Rad8 25. Rxg5 Rhe8 26. f4 Rd6 27. Rf5+ Rf6 28. Rxf6+ Kxf6 29. Kd2 Kf7 30. Re1 Rh8 31. Rh1 Rb8 32. b3 a5 33. h4 Rg8 34. c3 Rb8 35. h5 a4 36. Kc2 a3 37. g5 Re8 38. Rh2 Rb8 39. h6 gxh6 40. Rxh6 c4 41. dxc4 dxc4 42. b4 d3+ 43. Kd2 Re8 44. Rh2 Kg6 45. b5 Kf5 46. Kd1 Kxf4 47. g6 Rg8 48. Rg2 Ke5 49. Rg4 Kd5 50. b6 Rb8 51. g7 Re8 52. g8Q+ Rxg8 53. Rxg8 1-0

[Event "Hannover-ch U14"]
[Site "Lehrte"]
[Date "2014.10.26"]
[Round "4"]
[White "Nguyen, Nina"]
[Black "Burger, Jarl"]
[Result "0-1"]
[WhiteElo "747"]
[BlackElo "794"]
[PlyCount "130"]
[EventDate "2014.10.25"]
[EventType "swiss"]
[EventRounds "7"]
[EventCountry "GER"]
[SourceTitle "EXT 2021"]
[Source "ChessBase"]
[SourceDate "2020.10.23"]
[SourceVersion "1"]
[SourceVersionDate "2020.10.23"]
[SourceQuality "1"]

1. c4 e5 2. e3 Nf6 3. d4 exd4 4. exd4 Qe7+ 5. Qe2 Qxe2+ 6. Bxe2 Bb4+ 7. Bd2 Bxd2+ 8. Nxd2 d6 9. Ngf3 Bg4 10. h3 Bh5 11. 0-0 0-0 12. Rfe1 Nc6 13. b3 Nb4 14. Rac1 Nxa2 15. Rc2 Nb4 16. Rc3 Rfe8 17. Re3 Rxe3 18. fxe3 Nc2 19. Rc1 Nxe3 20. Rc3 Re8 21. Kf2 Nf5 22. g4 Bxg4 23. hxg4 Nxg4+ 24. Kg2 Rxe2+ 25. Kf1 Ng3+ 26. Kg1 c5 27. dxc5 dxc5 28. Nf1 Nxf1 29. Kxf1 Rb2 30. Ke1 a6 31. Nd2 Ne5 32. Ke2 g5 33. Re3 Ng6 34. Re8+ Kg7 35. Rc8 Nf4+ 36. Ke3 Ne6 37. Ne4 Rxb3+ 38. Kd2 f5 39. Nxc5 Nxc5 40. Rxc5 Kg6 41. Kc2 Rh3 42. Rd5 g4 43. Rd6+ Kg5 44. Rd2 g3 45. Rg2 f4 46. c5 f3 47. Rg1 f2 48. Rf1 g2 49. Rxf2 g1Q 50. Rd2 Qxc5+ 51. Kd1 Rh1+ 52. Ke2 Rh2+ 53. Ke1 Rxd2 54. Kxd2 a5 55. Kd3 a4 56. Ke4 a3 57. Kf3 a2 58. Ke4 a1Q 59. Kf3 Qaa3+ 60. Ke4 Qa4+ 61. Kd3 Qca3+ 62. Kd2 Qa2+ 63. Kd3 Q2b3+ 64. Kd2 Qaa2+ 65. Kc1 Qbb1# 0-1